| 000 | 00513nam a22001577a 4500 | ||
|---|---|---|---|
| 008 | 150708b xxu||||| |||| 00| 0 alb d | ||
| 041 | 0 | _aalb | |
| 080 | _a94 | ||
| 100 | _aHobsbawm, Eric; | ||
| 245 |
_aEpoka e ekstremeve : _cEric Hobsbawm. |
||
| 260 |
_aTiranë : _bÇabej MÇM; Central European University Press, _c2007. |
||
| 300 |
_a544 f., _a32 f. : _bme il. ; _c24 cm. |
||
| 500 | _aParathënie dhe mirënjohje: f. 7-10 | ||
| 650 | 0 | _aHistoria | |
| 942 |
_2udc _cBK |
||
| 999 |
_c1095 _d1095 |
||